00749nam a22002537a 4500003000400000020001800004082002000022100001400042245004700056250001300103260004200116300001700158546001200175650003000187650001600217650001500233650001900248650002700267700001600294700002000310942001200330999001900342952013400361OSt a9789327230260 a657.42 bJAI/Ad aJain, S P aAdvanced cost accounting:bcost management a13, rev. aNew DelhibKalyani Publicationsc2013 aviii, 7-16p. aEnglish aMaterial cost and control aLabour cost aAccounting aOverhead costs aSpecific order costing aNarang, K L a Agrawal, Simmi 2ddccBK c155929d155929 00102ddc40708GenaKAUCLVbKAUCLVcGENERALd2017-07-02g595.00l0o657.42 JAI/Adp227219r2017-07-02 00:00:00w2017-07-02yBK